کو کب حيد رآ با د ی کی نا تھ گو ئ (Record no. 87378)

MARC details
000 -LEADER
fixed length control field 01206nam a22002777a 4500
005 - DATE AND TIME OF LATEST TRANSACTION
control field 20150202122626.0
008 - FIXED-LENGTH DATA ELEMENTS--GENERAL INFORMATION
fixed length control field 140714b xxu||||| |||| 00| 0 Urdu d
010 ## - LCCN (DPL NO)
LC control number UR-8572 B-548029
020 ## - INTERNATIONAL STANDARD BOOK NUMBER
International Standard Book Number 9789350733127
Terms of availability 200.00
035 ## - SYSTEM CONTROL NUMBER
System control number U-7127 B-548029
037 ## - SOURCE OF ACQUISITION
Source of stock number/acquisition BPPD/Pub/Ven
037 ## - SOURCE OF ACQUISITION
Source of stock number/acquisition DBAD/Pub.
037 ## - SOURCE OF ACQUISITION
Source of stock number/acquisition Pansy Books(Vend.)/Edu.pub. House(Pub.)
040 ## - CATALOGING SOURCE
Original cataloging agency DPL
Language of cataloging Urdu
082 ## - DEWEY DECIMAL CLASSIFICATION NUMBER
Classification number 270.841
100 ## - MAIN ENTRY--PERSONAL NAME
Personal name جلال الد ين ا کبر
245 ## - TITLE STATEMENT
Title کو کب حيد رآ با د ی کی نا تھ گو ئ
Statement of responsibility, etc جلال الد ين ا کبر
246 ## - VARYING FORM OF TITLE
Title proper/short title Kokab Hyderabadi ki Naat Goi
Remainder of title by Jalaluddin Akbar
260 ## - PUBLICATION, DISTRIBUTION, ETC. (IMPRINT)
Place of publication, distribution, etc د ھلی
Name of publisher, distributor, etc ا يجو کيشنل پبليشنگ ہا ؤس
Date of publication, distribution, etc 2014
260 ## - PUBLICATION, DISTRIBUTION, ETC. (IMPRINT)
Name of publisher, distributor, etc Pansy Books(Vender)
270 ## - ADDRESS
Address 3108،و کيل اسٹر يٹ ،کو چہ پنڈ ت ،لال کنو ا ن
City د ھلی
Postal code 110006
Telephone number 23216162،23214465
270 ## - ADDRESS
Address R2,/66/A Somesh Vihar,Chhawala
City New Delhi
Postal code 110071
Telephone number 01125317355
300 ## - PHYSICAL DESCRIPTION
Extent 144ص
Dimensions 22Cm (Hb)
942 ## - ADDED ENTRY ELEMENTS (KOHA)
Source of classification or shelving scheme Dewey Decimal Classification
Item type Urdu Bks
Edition
Classification part 270.841
Call number suffix ا ک ب
Holdings
Withdrawn status Lost status Source of classification or shelving scheme Damaged status Not for loan Collection code Home library Current library Date acquired Source of acquisition Cost, normal purchase price Total Checkouts Full call number Barcode Date last seen Copy number Cost, replacement price Koha item type
    Dewey Decimal Classification     Non-fiction Central Library Central Library 19/11/2014 BPPD/UR/2014-15/125/01-08-2014/1469/14/08/2014/2/09/2014 200.00   270.841 ا ک ب B-548029 19/11/2014 1 200.00 Urdu Bks
    Dewey Decimal Classification   Not For Loan Non-fiction D.B.Act.Division D.B.Act.Division 02/02/2015 DBAD/Pub. 200.00   270.841 ا ک ب U-7127 02/02/2015 1 200.00 Urdu Bks

© Delhi Public Library
Hit Counter
free hit counter